| 000 | 00352cam a22001217a 4500 | ||
|---|---|---|---|
| 008 | 180718b1970 xxu||||| |||| 00| 0 eng d | ||
| 082 | _aL2x42 Un3 | ||
| 100 | _aReddaway, W.B. | ||
| 245 |
_aEffects of the selective employment tax _cby W.B. Reddaway |
||
| 260 |
_aLondon _bHer Majesty's _c1970 |
||
| 300 | _ax,316p | ||
| 650 | _aPayroll tax --Great Britain. | ||
| 999 |
_c410611 _d410611 |
||